1914 1452 1359 1939 1756 1220 1226 1036 1200 1619 1424 1092 1915 1247 1131 1970 1179 1985 1363 1329 1231 1871 1643 1188 1542 1239 1838 1321 1610 1649 1616 1788 1039 1334 1697 1521 1211 1386 1298 1698 1382 1807 1269 1971 1696 1621 1237 1107 1181 1679 1104 1806 1592 1170 1766 1730 1805 1367 1665 1952 1957 1673 1981 1471 1221 1039 1349 1641 1036 1831 1679 1951 1097 1556 1656 1122 1080 1807 1575 1223 1427 1120 1107 1718 1573 1947 1109 1734 1215 1968 1798 1484 1886 1941 1568 1257 1427 1772 1139 BCNSPRNW ULIB Ver.6.0+V

เปลี่ยนเป็นภาษาไทย

Change to English
 แสดงรายละเอียดบรรณานุกรม
  กลับหน้าหลัก

Brief Record : Get Marc (ISO 2709) : E-mail record : QR code < ปิดหน้าต่าง
LEADER : 00000nam a2200000Ia 4500
001    13399125355
003     ULIB
008    151208s2558 th a 000 0 tha d
020    ^a9786161124946
040    ^abra
060 04 ^aWB115^bต367
245 00 ^aตำราอายุรศาสตร์ มหาวิทยาลัยรังสิต =^bTextbook of MedicineRangsit University /^cบรรณาธิกา, ประเสริฐ ธนกิจจารุ
246 31 ^aTextbook of Medicine Rangsit University /^
250    ^aพิมพ์ครั้งที่ 1
260    ^aกรุงเทพฯ :^bกลุ่มงานอายุรศาสตร์ โรงพยาบาลราชวิถีสังกัดกรมการแพทย์กระทรวงสาธารณสุข,^c2558
300    ^aก-ญ. , 535 หน้า :^bภาพประกอบ (ภาพสีบางภาพ) ;^c30 ซม.
650  2 ^aMedicine
650  4 ^aอายุรศาสตร์
700 0  ^aประเสริฐ ธนกิจจารุ,^eบรรณาธิการ
700 0  ^aไพรัช เกุตรัตนกุล,^eบรรณาธิการ
700 0  ^aวีระศักดิ์ ศรินนภากร,^eบรรณาธิการ
700 0  ^aกิตติ ชื่นยง,^eบรรณาธิการ
710 2  ^aโรงพยาบาลราชวิถี.^bภาควิชาอายุรศาสตร์
710 2  ^aRajavithi Hospital .^bDepartment of Medicine
945    ^p1000^l0^i23857
945    ^p1000^l0^i23858
945    ^p1000^l0^i23859
945    ^p1000^l0^i23860
945    ^p1000^l0^i23861
995    ^aกัณชพร
999    ^aกัณชพร
รายการนี้ยังไม่มีแท็ก
คุณยังไม่ได้ล็อกอิน คุณสามารถมีกิจกรรมร่วมกับเว็บไซต์ได้ แต่ต้องล็อกอินก่อน ::
  ล็อกอิน

รายการสื่อสารสนเทศ

ลำดับที่ ประเภท เลขเรียก/บาร์โค้ด สถานที่ สถานะ
1. หนังสือสำรอง
หนังสือสำรอง
WB115 ต367 ฉ.1 
  Barcode: 23857
ห้องสมุดวิทยาเขตนครสวรรค์
►ส่วนจัดเก็บหนังสือเก่า นว.
บนชั้น
  ขอยืม
2. วิทยาศาสตร์การแพทย์ และสุขภาพ
วิทยาศาสตร์การแพทย์ และสุขภาพ
WB115 ต367 ฉ.2 
  Barcode: 23858
ห้องสมุดวิทยาเขตนครสวรรค์
►ส่วนจัดเก็บหนังสือเก่า นว.
บนชั้น
  ขอยืม
3. วิทยาศาสตร์การแพทย์ และสุขภาพ
วิทยาศาสตร์การแพทย์ และสุขภาพ
WB115 ต367 ฉ.3 
  Barcode: 23859
ห้องสมุดวิทยาเขตนครสวรรค์
►ส่วนจัดเก็บหนังสือเก่า นว.
บนชั้น
  ขอยืม
4. วิทยาศาสตร์การแพทย์ และสุขภาพ
วิทยาศาสตร์การแพทย์ และสุขภาพ
WB115 ต367 ฉ.4 
  Barcode: 23860
ห้องสมุดวิทยาเขตนครสวรรค์
►ส่วนจัดเก็บหนังสือเก่า นว.
บนชั้น
  ขอยืม
5. วิทยาศาสตร์การแพทย์ และสุขภาพ
วิทยาศาสตร์การแพทย์ และสุขภาพ
WB115 ต367 ฉ.5 
  Barcode: 23861
ห้องสมุดวิทยาเขตนครสวรรค์
►ส่วนจัดเก็บหนังสือเก่า นว.
บนชั้น
  ขอยืม

รายการใกล้เคียง
    หัวเรื่อง [Medicine]
    หัวเรื่อง [อายุรศาสตร์]

BibComment


ยังไม่เคยถูกคอมเมนท์

คอมเมนท์ทรัพยากรรายการนี้
  คอมเมนท์: ตำราอายุรศาสตร์ ..


 Copyright 2026. Bcnsprnw @Library